Growth of construction sector activity slows to moderate pace (Record no. 113239)

MARC details
000 -LEADER
fixed length control field 00943cad a22002055a 4500
001 - CONTROL NUMBER
control field L154925
008 - FIXED-LENGTH DATA ELEMENTS--GENERAL INFORMATION
fixed length control field 120202e20120202xxk f 000 0 eng d
035 ## - SYSTEM CONTROL NUMBER
System control number (Sirsi) u154925
041 0# - LANGUAGE CODE
Language code of text/sound track or separate title eng
110 2# - MAIN ENTRY--CORPORATE NAME
Corporate name or jurisdiction name as entry element Markit
9 (RLIN) 5915
245 00 - TITLE STATEMENT
Title Growth of construction sector activity slows to moderate pace
Medium [electronic resource]
260 ## - PUBLICATION, DISTRIBUTION, ETC.
Date of publication, distribution, etc. 2012
490 ## - SERIES STATEMENT
Series statement Markit/CIPS UK Construction PMI News Release
Volume/sequential designation 2 February 2012
520 ## - SUMMARY, ETC.
Summary, etc. Key points for the UK construction industry are: two of the three broad sub-sectors (housing and civil engineering) post decline in output; employment stagnates in January; and confidence strengthens markedly to reach an eight-month high.
590 ## - LOCAL NOTE (RLIN)
Local note KA
651 #4 - SUBJECT ADDED ENTRY--GEOGRAPHIC NAME
Geographic name United Kingdom
Chronological subdivision
690 ## - LOCAL SUBJECT ADDED ENTRY--TOPICAL TERM (OCLC, RLIN)
Topical term or geographic name as entry element Construction management
9 (RLIN) 6230
856 40 - ELECTRONIC LOCATION AND ACCESS
Uniform Resource Identifier <a href="https://www.markiteconomics.com/MarkitFiles/Pages/ViewPressRelease.aspx?ID=9134">https://www.markiteconomics.com/MarkitFiles/Pages/ViewPressRelease.aspx?ID=9134</a>
Public note View the news release free of charge at www.markiteconomics.com
942 ## - ADDED ENTRY ELEMENTS (KOHA)
Suppress in OPAC 0
Holdings
Withdrawn status Lost status Source of classification or shelving scheme Damaged status Not for loan Home library Current library Shelving location Date acquired Total Checkouts Full call number Barcode Date last seen Copy number Price effective from Koha item type
    Dewey Decimal Classification     Virtual Virtual Online 02/02/2012   ONLINE PUBLICATION 154925-2001 06/08/2019 1 06/08/2019 Book